Shortest Words - B - Statistics

General Stats
  • This quiz has been taken 73 times
  • The average score is 54 of 59
Answer Stats
Answer % Correct
be
100%
ba
98%
ban
98%
bar
98%
bat
98%
bi
98%
bo
98%
bad
97%
bas
97%
bet
97%
bit
97%
by
97%
bag
95%
bal
95%
bam
95%
bap
95%
bay
95%
bee
95%
beg
95%
ben
95%
bot
95%
boy
95%
bun
95%
bah
94%
bin
94%
bod
94%
bow
94%
but
94%
bae
92%
bed
92%
bel
92%
bes
92%
bey
92%
bid
92%
big
92%
bis
92%
bog
92%
bos
92%
box
92%
bud
92%
bug
92%
bur
92%
bus
92%
baa
90%
bob
90%
boo
90%
bum
90%
bib
89%
bop
89%
buy
89%
bio
87%
boa
87%
bub
87%
biz
86%
bro
84%
bra
83%
bye
78%
bys
62%
brr
54%
No matching quizzes found
Score Distribution
Percent of People with Each Score
Percentile by Number Answered
Your Score History
You have not taken this quiz